000 00362nam a2200145Ia 4500
008 231129s1995||||xx |||||||||||||| ||spa||
020 _a84-7509-987-4
040 _bspa
082 _a193 P831b
100 _aPopper Karl
245 0 _aEn busca de un mundo mejor
260 _c1995
264 _aPaidos
942 _2ddc
_cBKS
999 _c12840
_d12840